000 00576nam a2200217 a 4500
999 _c10419
_d10419
001 10419
003 BD-JhCC
005 20221128134022.0
008 180425s2017 b a|||| || | 000 0 eng d
035 _a(BD-JhCC)10419
040 _aBD-JhCC
_dBD-JhCC
041 _aeng
082 _a891.4495
_bSHA 2017
100 _aশাহরিয়ার,
245 _aবাবু /
_cশাহরিয়ার,
260 _aDhaka :
_bPanzeri Publications,
_c2017.
300 _a48 p. :
_bill. ;
_c18 cm.
650 _aBengali comics
942 _2ddc
_cBK
_067